Представление документа в формате MARC21

Поле Инд. ПП Название Значение
Тип записи a
Библиографический уровень b
001 Контрольный номер RU/IS/BASE/475946060
005 Дата корректировки 20200522191721.3
008 Кодируемые данные 20150130
040 b Код языка каталог. rus
e Правила каталог. PSBO
041 0_ a Код языка текста rus
084 a Индекс другой классификации/Индекс ББК 60.8; 65.050.1; 65.012.34
100 1_ a Автор Ефремов А. А.
q Полное имя Ефремов Алексей Александрович
245 a Заглавие Проблемы эффективности публично-правового регулирования государственно-частного партнерства в субъектах Российской Федерации
504 a Библиография Лит.: с. 125 - 126
520 a Аннотация Представлен сравнительный анализ публично-правового регулирования государственно-частного партнерства (ГЧП) в субъектах РФ. Доказана гипотеза о декларативности отдельных законов о ГЧП, отсутствии их системной взаимосвязи с инвестиционным, бюджетным законодательством и законодательством о стратегическом планировании в регионах; проведена оценка уровня информационной открытости ГЧП в регионах России, предложен соответствующий индекс; обоснованы предложения по совершенствованию законодательства, внедрению оценки его регулирующего воздействия, а также по социально-экономической оценке проектов ГЧП в регионе.
650 a Основная рубрика социальное управление
a Основная рубрика управление экономикой
a Основная рубрика экономика
a Основная рубрика экономическая теория
653 a Ключевые слова бюджетное законодательство
a Ключевые слова государственная власть
a Ключевые слова государственное управление
a Ключевые слова государственно-частное партнерство (ГЧП)
a Ключевые слова инвестиционное законодательство
a Ключевые слова информационная открытость
a Ключевые слова региональное законодательство
a Ключевые слова регионы России
a Ключевые слова Россия
a Ключевые слова совершенствование законодательства
a Ключевые слова социальное проектирование
a Ключевые слова социально-экономическая политика
a Ключевые слова социально-экономическое развитие
a Ключевые слова стратегическое планирование
a Ключевые слова эффективность управления
773 t Заглавие источника Вопросы государственного и муниципального управления
d Дата издания источника 2013
g Прочая информация № 2. - С. 115 - 126 : табл.
w Контрольный № источника RU/IS/BASE/427907371
901 t Тип документа b